| 000 | 01272nam a2200229Ia 4500 | ||
|---|---|---|---|
| 001 | L235-7432 | ||
| 003 | IT-CnALBA | ||
| 008 | 170116s9999||||xx |||||||||||||| ||und|| | ||
| 040 |
_aIT-CnALBA _cIT-CnALBA |
||
| 041 | _aITALIANO | ||
| 100 | _aMILANI D. ARTURO | ||
| 245 | 0 | _aSALVE REGINA. BREVE COMMENTO POPOLARE DISTRIBUITO PER OGNI GIORNO DEL MESE DI MAGGIO CON ESEMPI SCELTI. | |
| 250 | _a6a ed. | ||
| 260 |
_a VICENZA _bFAVERO L., EDITORE PONTIFICIO _c1938 [1° Ed.: n.d.] |
||
| 300 | _a414 p. (prefazione: 56) | ||
| 500 | _aILLUSTRAZIONI. STRUTTURA. CONSIDERAZIONE. PREGHIERA. ESEMPIO. INTRODUZIONE. STORIA DELLA SALVE REGINA. MARIA REGINA. MADRE DI MISERICORDIA. MADRE DI DIO. MADRE DELLA CHIESA. MADRE TENERA. MADRE DI TUTTI. MARIA VITA. DOLCEZZA SPERANZA SOCCORSO SOSTEGNO INT | ||
| 501 | _aSocietà San Paolo EM - Piazza San Paolo, 14 - 12051 ALBA (CN) (non commercial uses only) ® Copyright 2017 | ||
| 520 | _aILLUSTRAZIONI. STRUTTURA. CONSIDERAZIONE. PREGHIERA. ESEMPIO. INTRODUZIONE. STORIA DELLA SALVE REGINA. MARIA REGINA. MADRE DI MISERICORDIA. MADRE DI DIO. MADRE DELLA CHIESA. MADRE TENERA. MADRE DI TUTTI. MARIA VITA. DOLCEZZA SPERANZA SOCCORSO SOSTEGNO INT | ||
| 650 | _aMARIA SS. ANGELI SANTI DEMONI | ||
| 942 | _cBK | ||
| 957 | _71 | ||
| 999 |
_a8408 _bSI _g Copie: 1 _c266614 _d266614 |
||